[Event "Champ FRA - Under 12"]
[Site "Europe Echecs"]
[Date "2020.07.08"]
[Round "1"]
[White "MateriaMarco"]
[Black "NunesSoubeyranE"]
[Result "1-0"]
[WhiteElo "2269"]
[BlackElo "1220"]
[PlyCount "55"]
[EventDate "2020.??.??"]

1. d4 d5 2. c4 e6 3. Nc3 Nf6 4. Bg5 c6 5. e3 Bb4 6. Bd3 O-O 7. Nf3 Nbd7 8. O-O
Nb6 9. Ne5 Bd7 10. c5 Nc8 11. Bxf6 Qxf6 12. Nxd7 Qd8 13. Nxf8 Qxf8 14. Ne2 b6
15. a3 Ba5 16. Qa4 Ne7 17. b4 bxc5 18. Qxa5 cxd4 19. exd4 Rc8 20. Qxa7 Ra8 21.
Qc5 Qd8 22. a4 h6 23. a5 Qc7 24. a6 Qc8 25. Qxe7 Kh8 26. a7 g6 27. Qxf7 g5 28.
Qh7# {NunesSoubeyranE est échec et mat} 1-0

[Event "Champ FRA - Under 12"]
[Site "Europe Echecs"]
[Date "2020.07.08"]
[Round "1"]
[White "RaykoAlexis"]
[Black "KuhnClement"]
[Result "0-1"]
[WhiteElo "1214"]
[BlackElo "2150"]
[PlyCount "96"]
[EventDate "2020.??.??"]

1. e4 c5 2. Nf3 Nc6 3. Bb5 g6 4. d3 Bg7 5. O-O Nf6 6. Nc3 O-O 7. Be3 d6 8. h3
a6 9. Bc4 b5 10. Bd5 Bb7 11. a3 Nxd5 12. exd5 Nd4 13. Nxd4 cxd4 14. Bd2 dxc3
15. Bxc3 Bxd5 16. Bxg7 Kxg7 17. Qg4 e5 18. d4 f5 19. Qd1 Qg5 20. f3 Rad8 21.
dxe5 dxe5 22. Qe2 e4 23. fxe4 Bc4 24. Qf2 Bxf1 25. Rxf1 fxe4 26. Qa7+ Kg8 27.
Rxf8+ Rxf8 28. Qxa6 Qe3+ 29. Kh2 Qf4+ 30. Kg1 Rd8 31. Qe6+ Kh8 32. Qg4 Qxg4 33.
hxg4 Rd2 34. b3 Rxc2 35. a4 bxa4 36. bxa4 e3 37. Kf1 Kg7 38. g5 Kf7 39. g4 Ke6
40. a5 Ke5 41. a6 Ke4 42. a7 Ra2 43. a8=Q+ Rxa8 44. Ke2 Ra2+ 45. Kd1 Kd3 46.
Kc1 e2 47. Kb1 Rd2 48. Kc1 e1=R# {RaykoAlexis est échec et mat} 0-1

[Event "Champ FRA - Under 12"]
[Site "Europe Echecs"]
[Date "2020.07.08"]
[Round "1"]
[White "BreuilTristan"]
[Black "GarrigueMahel"]
[Result "1-0"]
[WhiteElo "1898"]
[BlackElo "1212"]
[PlyCount "27"]
[EventDate "2020.??.??"]

1. e4 e5 2. Bc4 Bc5 3. f4 d6 4. Nf3 Nc6 5. c3 Bg4 6. h3 Bxf3 7. Qxf3 Nf6 8. d3
O-O 9. a4 a5 10. f5 Re8 11. Bg5 h6 12. Bh4 Qe7 13. g4 g5 14. fxg6 {
GarrigueMahel a abandonné} 1-0

[Event "Champ FRA - Under 12"]
[Site "Europe Echecs"]
[Date "2020.07.08"]
[Round "1"]
[White "MindeBaptiste"]
[Black "ValleeLouis"]
[Result "0-1"]
[WhiteElo "1210"]
[BlackElo "1864"]
[PlyCount "86"]
[EventDate "2020.??.??"]

1. d4 d5 2. Nf3 Nf6 3. e3 c5 4. c3 Nc6 5. Bd3 e6 6. O-O Bd6 7. Nbd2 O-O 8. Qe2
c4 9. Bc2 b5 10. e4 Be7 11. e5 Nd7 12. Re1 a5 13. Nf1 b4 14. h3 bxc3 15. bxc3
Re8 16. N3h2 Nf8 17. Qg4 Bd7 18. Bh6 Ng6 19. Bxg6 hxg6 20. Bf4 Rb8 21. Rab1 a4
22. Nf3 Qa5 23. Bd2 a3 24. Ng5 Rb2 25. Qh4 Bxg5 26. Qxg5 Reb8 27. Rxb2 axb2 28.
h4 b1=Q 29. Rxb1 Rxb1 30. h5 gxh5 31. Qxh5 Qxa2 32. Bh6 gxh6 33. Qxh6 Qc2 34.
Qh3 Rxf1+ 35. Kh2 Rxf2 36. Qg3+ Kf8 37. Kh3 Qd3 38. Qxd3 cxd3 39. Kg3 Rc2 40.
Kf3 d2 41. Ke2 Nxd4+ 42. Kd1 Bb5 43. g4 Be2# {MindeBaptiste est échec et mat}
0-1

[Event "Champ FRA - Under 12"]
[Site "Europe Echecs"]
[Date "2020.07.08"]
[Round "1"]
[White "CassamChenaiAn"]
[Black "HorenfeldMelvi"]
[Result "0-1"]
[WhiteElo "1839"]
[BlackElo "1200"]
[PlyCount "240"]
[EventDate "2020.??.??"]

1. d4 d5 2. Nf3 Bf5 3. e3 e6 4. Bd3 Bg6 5. b3 Nc6 6. Bb2 Bb4+ 7. Nbd2 Nge7 8.
O-O O-O 9. Ne5 Nxe5 10. dxe5 Nc6 11. Bxg6 hxg6 12. Nf3 Be7 13. Nd4 Nxe5 14.
Nxe6 fxe6 15. Bxe5 Bd6 16. Qd4 Bxe5 17. Qxe5 Qd6 18. Qg3 Qxg3 19. hxg3 Kf7 20.
Rad1 Rh8 21. e4 Rad8 22. exd5 Rxd5 23. c4 Rd6 24. Rxd6 cxd6 25. Rd1 Ke7 26. f3
g5 27. Rd4 Rf8 28. Kf2 Rf5 29. Ke3 Ra5 30. Rd2 d5 31. cxd5 Rxd5 32. Rc2 Kd6 33.
Rc8 Ra5 34. a4 Rc5 35. Rd8+ Ke7 36. Rd3 Re5+ 37. Kf2 Rd5 38. Rc3 Kd7 39. Ke3
Re5+ 40. Kd3 Rd5+ 41. Ke4 b5 42. f4 gxf4 43. gxf4 bxa4 44. bxa4 Ra5 45. Rc4 g5
46. Rd4+ Ke7 47. Rb4 gxf4 48. Kxf4 Kd6 49. g4 Rc5 50. Rd4+ Ke7 51. Rb4 Kf6 52.
Re4 e5+ 53. Kg3 Kg5 54. Rb4 a6 55. Re4 Rd5 56. Re3 Rc5 57. Re4 Rd5 58. Re3 Rc5
59. Rf3 e4 60. Re3 Re5 61. Re1 e3 62. Rh1 Re4 63. Kf3 Rxg4 64. Kxe3 Rxa4 65.
Rg1+ Kf5 66. Rb1 Ke5 67. Rc1 Kd5 68. Rh1 Ra3+ 69. Kd2 Kc4 70. Rh4+ Kb5 71. Kc2
Re3 72. Rh5+ Kb4 73. Rh8 Re7 74. Rb8+ Kc5 75. Rc8+ Kb6 76. Kb3 Rb7 77. Rh8 a5
78. Ka4 Ka6 79. Ka3 Rd7 80. Rh6+ Ka7 81. Ka4 Rd5 82. Rh7+ Kb6 83. Rh4 Rc5 84.
Rg4 Ka6 85. Rd4 Kb6 86. Rd8 Kb7 87. Rd6 Rc6 88. Rd7+ Rc7 89. Rd5 Rc6 90. Kxa5
Ra6+ 91. Kb5 Rb6+ 92. Kc4 Rc6+ 93. Kd4 Kc7 94. Rh5 Rd6+ 95. Ke5 Rb6 96. Rh7+
Kb8 97. Kd5 Rb7 98. Rh8+ Ka7 99. Kc5 Rc7+ 100. Kd6 Rb7 101. Rg8 Rb6+ 102. Kc5
Rb1 103. Rg7+ Rb7 104. Rg1 Rc7+ 105. Kd6 Rb7 106. Ra1+ Kb8 107. Ra6 Rh7 108.
Rb6+ Ka7 109. Rb1 Rh6+ 110. Kc7 Rh7+ 111. Kc6 Rh6+ 112. Kd7 Rh7+ 113. Ke6 Rh6+
114. Kf7 Rb6 115. Re1 Rb7+ 116. Ke8 Rb8+ 117. Kd7 Rb7+ 118. Kc6 Rb6+ 119. Kc5
Rf6 120. Re7+ Ka6 {CassamChenaiAn a abandonné} 0-1

[Event "Champ FRA - Under 12"]
[Site "Europe Echecs"]
[Date "2020.07.08"]
[Round "1"]
[White "PoghosyanNoray"]
[Black "GeronimiJeanTh"]
[Result "0-1"]
[WhiteElo "1200"]
[BlackElo "1827"]
[PlyCount "66"]
[EventDate "2020.??.??"]

1. e4 c5 2. Bc4 e6 3. Nc3 g6 4. Nf3 Bg7 5. d3 Ne7 6. Bf4 O-O 7. O-O d5 8. exd5
exd5 9. Bb3 Nbc6 10. d4 Nxd4 11. Be3 Nxf3+ 12. Qxf3 d4 13. Nb5 dxe3 14. fxe3
Be6 15. Rad1 Qb6 16. Na3 Bxb3 17. axb3 Qc6 18. Qg3 Nf5 19. Qf4 Bh6 20. Qg4 Nxe3
21. Rfe1 Nxg4 22. Nc4 b5 23. Na3 Ne3 24. Rd2 b4 25. Nb1 Rad8 26. Rde2 f5 27.
Nd2 Nxc2 28. Nf3 Nxe1 29. Nxe1 Qe4 30. Kf1 Rd2 31. Rxe4 fxe4+ 32. Kg1 Be3+ 33.
Kh1 Rf1# {PoghosyanNoray est échec et mat} 0-1

[Event "Champ FRA - Under 12"]
[Site "Europe Echecs"]
[Date "2020.07.08"]
[Round "1"]
[White "TrevisiolAntoi"]
[Black "SemenovSonia"]
[Result "1-0"]
[WhiteElo "1788"]
[BlackElo "1193"]
[PlyCount "21"]
[EventDate "2020.??.??"]

1. d4 d5 2. c4 dxc4 3. Nc3 Bf5 4. e4 Be6 5. d5 Nf6 6. dxe6 Ng8 7. exf7+ Kxf7 8.
Qxd8 Nc6 9. Bxc4+ Kf6 10. Qd5 e6 11. Qxe6# {SemenovSonia est échec et mat} 1-0

[Event "Champ FRA - Under 12"]
[Site "Europe Echecs"]
[Date "2020.07.08"]
[Round "1"]
[White "BaciuConstanti"]
[Black "VuDinhAdrien"]
[Result "0-1"]
[WhiteElo "1191"]
[BlackElo "1740"]
[PlyCount "96"]
[EventDate "2020.??.??"]

1. e4 e5 2. Nf3 Nc6 3. Nc3 Nf6 4. Bc4 Nxe4 5. Nxe4 d5 6. d3 dxc4 7. O-O cxd3 8.
Bd2 dxc2 9. Qxc2 Be7 10. Qb3 O-O 11. Rac1 h6 12. Rcd1 Bd6 13. Nxd6 cxd6 14. Be3
Qf6 15. Qa3 Rd8 16. Rc1 Bg4 17. Bd2 Bxf3 18. Qxf3 Qxf3 19. gxf3 Nd4 20. Rc3
Ne2+ 21. Kh1 Nxc3 22. Bxc3 Rac8 23. Rg1 d5 24. f4 d4 25. Bb4 exf4 26. f3 Rc6
27. b3 d3 28. Rd1 d2 29. Bxd2 Rcd6 30. Kg1 Rxd2 31. Rxd2 Rxd2 32. a4 Rb2 33.
Kf1 Rxb3 34. Ke2 Ra3 35. Kf2 Rxa4 36. Ke2 Ra2+ 37. Kd3 Rxh2 38. Ke4 a5 39. Kd4
Rc2 40. Kd3 Rc6 41. Kd4 a4 42. Kd3 a3 43. Ke4 a2 44. Kxf4 a1=Q 45. Kg3 Qd4 46.
Kg2 Rg6+ 47. Kh3 Qf2 48. f4 Qg3# {BaciuConstanti est échec et mat} 0-1

[Event "Champ FRA - Under 12"]
[Site "Europe Echecs"]
[Date "2020.07.08"]
[Round "1"]
[White "LissillourBapt"]
[Black "BuchlinAlexis"]
[Result "1-0"]
[WhiteElo "1731"]
[BlackElo "1191"]
[PlyCount "93"]
[EventDate "2020.??.??"]

1. d4 d5 2. Nf3 Nc6 3. c4 dxc4 4. d5 Nb8 5. Nc3 a6 6. a4 Nf6 7. e4 e6 8. Bxc4
Bc5 9. O-O O-O 10. Bg5 Nbd7 11. dxe6 fxe6 12. e5 h6 13. Bxe6+ Kh8 14. Bh4 g5
15. Nxg5 hxg5 16. Bxg5 Kg7 17. Ne4 Be7 18. exf6+ Bxf6 19. Nxf6 Nxf6 20. Qxd8
Rxd8 21. Bxc8 Raxc8 22. Rad1 Re8 23. Rfe1 Rh8 24. Re7+ Kg6 25. Bxf6 Kxf6 26.
Rdd7 Rcd8 27. g3 Rxd7 28. Rxd7 Rc8 29. Kg2 Ke6 30. Rh7 Kd6 31. b4 Re8 32. Kf3
Rf8+ 33. Ke3 b6 34. f4 Kc6 35. g4 Re8+ 36. Kd4 Rd8+ 37. Kc4 Re8 38. Rh6+ Kb7
39. Kd4 Re2 40. g5 Ra2 41. a5 bxa5 42. bxa5 Rxa5 43. g6 Rg5 44. fxg5 Kb6 45.
g7+ Kb5 46. g8=Q a5 47. Qc4# {BuchlinAlexis est échec et mat} 1-0

[Event "Champ FRA - Under 12"]
[Site "Europe Echecs"]
[Date "2020.07.08"]
[Round "1"]
[White "HenadciIlyan"]
[Black "LeVenTelo"]
[Result "0-1"]
[WhiteElo "1191"]
[BlackElo "1720"]
[PlyCount "96"]
[EventDate "2020.??.??"]

1. d4 Nf6 2. Nf3 d5 3. c4 e6 4. Nc3 Bb4 5. Bg5 O-O 6. e3 Nbd7 7. b3 Bxc3+ 8.
Nd2 Bxa1 9. Qxa1 c6 10. Bd3 h6 11. Bh4 Qc7 12. Nf3 dxc4 13. bxc4 Re8 14. O-O e5
15. dxe5 Nxe5 16. Nxe5 Qxe5 17. Qxe5 Rxe5 18. Bxf6 gxf6 19. f4 Rxe3 20. Rf3
Rxf3 21. gxf3 Bh3 22. Kf2 Rd8 23. Ke3 Be6 24. f5 Bd7 25. Kf4 c5 26. Kg4 Kg7 27.
h4 Bc6 28. Be2 Rd2 29. Bf1 Rxa2 30. f4 Rf2 31. Bh3 a5 32. Kg3 Rf3+ 33. Kg4 Rc3
34. Bf1 Bf3+ 35. Kg3 Be2+ 36. Kf2 Bxf1 37. Kxf1 a4 38. Ke1 Rxc4 39. Kd2 Rb4 40.
Kc3 b6 41. Kc2 a3 42. Kc1 a2 43. Kc2 a1=Q 44. Kd3 Qd4+ 45. Ke2 Rb2+ 46. Kf3
Rf2+ 47. Kg3 Qxf4+ 48. Kh3 Rh2# {HenadciIlyan est échec et mat} 0-1

[Event "Champ FRA - Under 12"]
[Site "Europe Echecs"]
[Date "2020.07.08"]
[Round "1"]
[White "GardeGuillaume"]
[Black "PerezRaphael"]
[Result "1-0"]
[WhiteElo "1716"]
[BlackElo "1190"]
[PlyCount "59"]
[EventDate "2020.??.??"]

1. e4 e6 2. d4 d5 3. Bd3 c5 4. exd5 exd5 5. Nf3 Nf6 6. O-O cxd4 7. Nxd4 Bc5 8.
Re1+ Be6 9. Nxe6 fxe6 10. Rxe6+ Kf7 11. Re2 Qb6 12. Nc3 Nc6 13. Na4 Bxf2+ 14.
Rxf2 Qd4 15. Nc3 h5 16. Qf3 Ne5 17. Qxd5+ Qxd5 18. Nxd5 Ke6 19. Nxf6 gxf6 20.
Bf5+ Kf7 21. Bf4 Rae8 22. Bxe5 Rxe5 23. Raf1 h4 24. Bd3 Rg8 25. Bc4+ Re6 26.
Rxf6+ Ke7 27. Rxe6+ Kd7 28. Rd1+ Kc7 29. Re7+ Kc6 30. Bxg8 {PerezRaphael a
abandonné} 1-0

[Event "Champ FRA - Under 12"]
[Site "Europe Echecs"]
[Date "2020.07.08"]
[Round "1"]
[White "RenaudinThibau"]
[Black "DeladerriereAp"]
[Result "0-1"]
[WhiteElo "1190"]
[BlackElo "1702"]
[PlyCount "72"]
[EventDate "2020.??.??"]

1. Nf3 e6 2. c4 d5 3. d4 Nf6 4. Nc3 c5 5. Bg5 Nc6 6. e3 cxd4 7. cxd5 dxc3 8.
dxc6 Qxd1+ 9. Rxd1 cxb2 10. cxb7 Bxb7 11. Bb5+ Ke7 12. Rb1 Rb8 13. Rxb2 Bxf3
14. gxf3 a6 15. Bxf6+ Kxf6 16. O-O Rxb5 17. Rxb5 axb5 18. Rb1 Bd6 19. Rxb5 Ra8
20. Rb2 Be5 21. Rc2 Rb8 22. Kf1 Bxh2 23. Ke2 Be5 24. Kd3 h5 25. Ke2 Rb2 26.
Rxb2 Bxb2 27. Kd3 h4 28. Ke2 h3 29. Kf1 Ke7 30. Kg1 Be5 31. a4 Kd6 32. a5 Kc6
33. a6 Kb6 34. f4 Bc3 35. Kh2 Be1 36. Kxh3 Bxf2 {RenaudinThibau a abandonné}
0-1

[Event "Champ FRA - Under 12"]
[Site "Europe Echecs"]
[Date "2020.07.08"]
[Round "1"]
[White "KassabChadi"]
[Black "CharlierStanis"]
[Result "1-0"]
[WhiteElo "1659"]
[BlackElo "1187"]
[PlyCount "49"]
[EventDate "2020.??.??"]

1. e4 e5 2. Nf3 Nc6 3. Bc4 Nf6 4. d3 Bc5 5. Nc3 O-O 6. Bg5 h6 7. Bh4 Qe8 8.
Bxf6 gxf6 9. Nh4 Kh7 10. Qh5 d6 11. Nd5 Qd8 12. Nf5 Bxf5 13. Qxf5+ Kg8 14.
Nxf6+ Kg7 15. Nh5+ Kh8 16. c3 Qe7 17. g4 a6 18. Nf6 Qxf6 19. Qxf6+ Kh7 20. h4
b5 21. Bd5 Na5 22. g5 h5 23. Qh6+ Kg8 24. g6 c6 25. Qh7# {CharlierStanis est
échec et mat} 1-0

[Event "Champ FRA - Under 12"]
[Site "Europe Echecs"]
[Date "2020.07.08"]
[Round "1"]
[White "DebiasSaidCypr"]
[Black "LevannierGouel"]
[Result "0-1"]
[WhiteElo "1180"]
[BlackElo "1659"]
[PlyCount "58"]
[EventDate "2020.??.??"]

1. e4 c5 2. Nf3 Nc6 3. Bc4 e6 4. Nc3 a6 5. d3 b5 6. Bxb5 axb5 7. Nxb5 Rb8 8.
Nc3 Nf6 9. Bg5 Be7 10. O-O O-O 11. e5 Nd5 12. Nxd5 Bxg5 13. Nc3 Bb7 14. Qe1 Nd4
15. Nxd4 cxd4 16. Nb5 Qb6 17. Nd6 Qc6 18. Ne4 Bf4 19. Qe2 Bxe5 20. Qg4 f5 21.
Qg5 fxe4 22. dxe4 Qxe4 23. Rfe1 Rf5 24. Rxe4 Rxg5 25. Rae1 Bxe4 26. Rxe4 Rxb2
27. Re2 d3 28. Rd2 Rb1+ 29. Rd1 Rxd1# {DebiasSaidCypr est échec et mat} 0-1

[Event "Champ FRA - Under 12"]
[Site "Europe Echecs"]
[Date "2020.07.08"]
[Round "1"]
[White "DruonThibault"]
[Black "LeCamRaphael"]
[Result "1-0"]
[WhiteElo "1644"]
[BlackElo "1180"]
[PlyCount "65"]
[EventDate "2020.??.??"]

1. d4 d5 2. c4 e6 3. Nc3 Nc6 4. Nf3 Bb4 5. Bg5 Be7 6. Bxe7 Ngxe7 7. e3 Nf5 8.
Bd3 dxc4 9. Bxc4 f6 10. O-O e5 11. dxe5 Qxd1 12. Raxd1 fxe5 13. Nb5 Rb8 14.
Nxc7+ Kf8 15. Bb5 e4 16. Bxc6 bxc6 17. Rd8+ Kf7 18. Rxh8 h6 19. Ne5+ Kf6 20.
Nd7+ Ke7 21. Nxb8 Nd6 22. Nca6 Bxa6 23. Nxa6 Nc4 24. Rc1 Nxb2 25. Rxc6 Kf7 26.
Rb8 Nd3 27. Rb7+ Kg8 28. Rcc7 Ne5 29. Rxg7+ Kh8 30. Rgc7 Nf7 31. Rxf7 Kg8 32.
Rfc7 Kf8 33. Rc8# {LeCamRaphael est échec et mat} 1-0

[Event "Champ FRA - Under 12"]
[Site "Europe Echecs"]
[Date "2020.07.08"]
[Round "1"]
[White "DeNaveJulien"]
[Black "BreuilVirgile"]
[Result "0-1"]
[WhiteElo "1177"]
[BlackElo "1622"]
[PlyCount "68"]
[EventDate "2020.??.??"]

1. e4 e5 2. Nf3 Nc6 3. Bc4 Be7 4. d3 Nf6 5. c3 O-O 6. O-O Na5 7. Bb3 Nxb3 8.
axb3 d6 9. Re1 Re8 10. Be3 Bg4 11. h3 Bh5 12. Rxa7 Rxa7 13. Bxa7 b6 14. Nbd2
Qa8 15. Qa1 Qb7 16. Qa2 Ra8 17. Ra1 Nd7 18. g4 Bg6 19. Nc4 Nc5 20. h4 h6 21. h5
Bh7 22. d4 exd4 23. cxd4 Nxe4 24. Ncd2 Nxd2 25. Nxd2 Bg5 26. Nc4 Be4 27. Ne3
Bxe3 28. fxe3 Bh1 29. Kf2 Qf3+ 30. Ke1 Qxe3+ 31. Kd1 Bf3+ 32. Kc2 Be4+ 33. Kd1
Bd3 34. Qb1 Qe2+ {DeNaveJulien a abandonné} 0-1

[Event "Champ FRA - Under 12"]
[Site "Europe Echecs"]
[Date "2020.07.08"]
[Round "1"]
[White "AuribaultLouis"]
[Black "DoucetPierreAl"]
[Result "1-0"]
[WhiteElo "1618"]
[BlackElo "1177"]
[PlyCount "37"]
[EventDate "2020.??.??"]

1. e4 b6 2. d4 Bb7 3. Nc3 Nf6 4. Bd3 e6 5. Nf3 Bb4 6. e5 Nd5 7. Bd2 O-O 8. O-O
Nxc3 9. bxc3 Be7 10. Re1 d6 11. exd6 Bxd6 12. Bxh7+ Kxh7 13. Ng5+ Kg8 14. Qh5
Re8 15. Qxf7+ Kh8 16. Qh5+ Kg8 17. Qh7+ Kf8 18. Qh8+ Ke7 19. Qxg7# {
DoucetPierreAl est échec et mat} 1-0

[Event "Champ FRA - Under 12"]
[Site "Europe Echecs"]
[Date "2020.07.08"]
[Round "1"]
[White "TrimbitasuElya"]
[Black "NoerdingerLeo"]
[Result "0-1"]
[WhiteElo "1175"]
[BlackElo "1605"]
[PlyCount "50"]
[EventDate "2020.??.??"]

1. e4 e6 2. d4 d5 3. e5 c5 4. c3 Nc6 5. Nf3 Nh6 6. a3 Nf5 7. b4 cxd4 8. cxd4
Qb6 9. Be3 Bd7 10. g3 Rc8 11. Bh3 a5 12. bxa5 Qxa5+ 13. Qd2 Qb6 14. Bxf5 exf5
15. Nc3 Be6 16. Qa2 Be7 17. Nxd5 Qa5+ 18. Bd2 Qxd5 19. Qxd5 Bxd5 20. Ke2 Bxf3+
21. Kxf3 Nxd4+ 22. Ke3 Nc2+ 23. Kf4 Nxa1 24. Rxa1 Rc4+ 25. Kxf5 g6# {
TrimbitasuElya est échec et mat} 0-1

[Event "Champ FRA - Under 12"]
[Site "Europe Echecs"]
[Date "2020.07.08"]
[Round "1"]
[White "FrelauMatthias"]
[Black "RosamelManua"]
[Result "1-0"]
[WhiteElo "1592"]
[BlackElo "1170"]
[PlyCount "27"]
[EventDate "2020.??.??"]

1. d4 g6 2. Nf3 Bg7 3. Bf4 Nc6 4. e3 Nf6 5. Nbd2 O-O 6. h3 d5 7. c3 e6 8. Bd3
Re8 9. O-O b6 10. Bb5 Bb7 11. Qa4 Qd7 12. Ne5 Qd6 13. Nxc6 a6 14. Bxd6 {
RosamelManua a abandonné} 1-0

[Event "Champ FRA - Under 12"]
[Site "Europe Echecs"]
[Date "2020.07.08"]
[Round "1"]
[White "HamdadMounir"]
[Black "TallecHadrien"]
[Result "0-1"]
[WhiteElo "1167"]
[BlackElo "1587"]
[PlyCount "57"]
[EventDate "2020.??.??"]

1. e4 e5 2. Nf3 Nc6 3. Bc4 Bc5 4. d3 d6 5. h3 Nf6 6. Bg5 h6 7. Bh4 g5 8. Bg3
Be6 9. Bxe6 fxe6 10. O-O Nh5 11. Nxe5 Nxg3 12. Nxc6 bxc6 13. Re1 Qf6 14. Qd2
Rf8 15. d4 Bxd4 16. Kh2 Qxf2 17. Qxf2 Bxf2 18. Rd1 Nxe4 19. Na3 Bg3+ 20. Kg1
Kd7 21. c4 c5 22. b3 Be5 23. Rac1 Bb2 24. Nb1 Bxc1 25. Rxc1 Ng3 26. Nd2 Ne2+
27. Kh2 Nxc1 28. Ne4 Rf4 29. Nd2 {HamdadMounir a abandonné} 0-1

[Event "Champ FRA - Under 12"]
[Site "Europe Echecs"]
[Date "2020.07.08"]
[Round "1"]
[White "ParalieuMaxime"]
[Black "LucaseudelineA"]
[Result "1-0"]
[WhiteElo "1569"]
[BlackElo "1167"]
[PlyCount "53"]
[EventDate "2020.??.??"]

1. d4 d5 2. c4 e6 3. Nf3 Nf6 4. g3 Bb4+ 5. Bd2 Bd6 6. Bg2 O-O 7. O-O Nc6 8. e3
Bd7 9. Qc2 Re8 10. a3 e5 11. dxe5 Nxe5 12. Nxe5 Bxe5 13. cxd5 Bb5 14. Rd1 Be2
15. Re1 Bh5 16. Qb3 b6 17. Bc3 Bxc3 18. Nxc3 Rc8 19. Rac1 c6 20. dxc6 Ng4 21.
Nb5 Qd2 22. Rf1 Nxf2 23. Rc2 Nh3+ 24. Bxh3 Rxe3 25. Rxd2 Rxb3 26. Bxc8 Rxb5 27.
Rd8# {LucaseudelineA est échec et mat} 1-0

[Event "Champ FRA - Under 12"]
[Site "Europe Echecs"]
[Date "2020.07.08"]
[Round "1"]
[White "CastagnerolThi"]
[Black "DurandBenmouss"]
[Result "0-1"]
[WhiteElo "1165"]
[BlackElo "1558"]
[PlyCount "68"]
[EventDate "2020.??.??"]

1. e4 e6 2. Nc3 d5 3. exd5 exd5 4. d4 Nc6 5. Nf3 Bg4 6. Be2 Nf6 7. h3 Bh5 8.
Bf4 Bd6 9. Bxd6 Qxd6 10. a3 Bg6 11. O-O O-O 12. Bb5 a6 13. Bxc6 bxc6 14. b3
Rfe8 15. Ne5 c5 16. Nxg6 hxg6 17. dxc5 Qxc5 18. Ne2 c6 19. Ng3 Re5 20. Qd2 Rae8
21. Rfc1 Ne4 22. Nxe4 Rxe4 23. b4 Qc4 24. Qd3 Qb5 25. Qxb5 axb5 26. Kf1 Re2 27.
c3 Rd2 28. a4 bxa4 29. Rxa4 Ree2 30. Re1 Rxf2+ 31. Kg1 Rxg2+ 32. Kh1 Rh2+ 33.
Kg1 Rhg2+ 34. Kf1 Rdf2# {CastagnerolThi est échec et mat} 0-1

[Event "Champ FRA - Under 12"]
[Site "Europe Echecs"]
[Date "2020.07.08"]
[Round "1"]
[White "HiltonMarc"]
[Black "LedjamAlbin"]
[Result "1-0"]
[WhiteElo "1546"]
[BlackElo "1165"]
[PlyCount "27"]
[EventDate "2020.??.??"]

1. d4 d6 2. c4 e5 3. Nc3 exd4 4. Qxd4 Nc6 5. Qd1 Be7 6. e4 Nf6 7. Be3 O-O 8.
Be2 Ng4 9. Bxg4 Bxg4 10. Qxg4 Ne5 11. Qe2 Bg5 12. f4 Re8 13. fxe5 Rxe5 14. Nf3
{LedjamAlbin a abandonné} 1-0

[Event "Champ FRA - Under 12"]
[Site "Europe Echecs"]
[Date "2020.07.08"]
[Round "1"]
[White "LoszycerSasha"]
[Black "PerrouinAlexia"]
[Result "0-1"]
[WhiteElo "1162"]
[BlackElo "1530"]
[PlyCount "54"]
[EventDate "2020.??.??"]

1. d4 Nf6 2. c4 g6 3. Nf3 Bg7 4. e3 O-O 5. Bd3 d6 6. O-O Bg4 7. Nc3 Nc6 8. h3
Bd7 9. a3 e5 10. Bc2 Re8 11. d5 Ne7 12. Bd2 Bf5 13. Ba4 Rf8 14. Bc2 Ne8 15. e4
Bd7 16. Bd3 f5 17. Ng5 Qc8 18. Qf3 f4 19. b4 h6 20. Ne6 Bxe6 21. dxe6 Qxe6 22.
c5 Nc6 23. cxd6 cxd6 24. Qe2 Nd4 25. Bc4 Nxe2+ 26. Nxe2 Qxc4 27. Rac1 Qxe2 {
LoszycerSasha a abandonné} 0-1

[Event "Champ FRA - Under 12"]
[Site "Europe Echecs"]
[Date "2020.07.08"]
[Round "1"]
[White "PierrotYohann"]
[Black "BriguetRemi"]
[Result "1-0"]
[WhiteElo "1519"]
[BlackElo "1160"]
[PlyCount "127"]
[EventDate "2020.??.??"]

1. e4 e5 2. Nf3 Nc6 3. d4 d5 4. Nxe5 Nxe5 5. dxe5 dxe4 6. Qxd8+ Kxd8 7. Nc3 Bf5
8. Bc4 e3 9. Bxe3 Bxc2 10. Bxf7 Nh6 11. Bxh6 gxh6 12. O-O Bg7 13. Rac1 Bd3 14.
Rfd1 Bxe5 15. Rxd3+ Ke7 16. Re1 Kf6 17. Nd5+ Kxf7 18. Rxe5 Rad8 19. Rf3+ Kg6
20. h4 Kg7 21. h5 c6 22. Re7+ Kg8 23. Rd7 Rxd7 24. Nf6+ Kf7 25. Nxd7+ Ke7 26.
Nc5 b6 27. Ne4 c5 28. Re3 Kd7 29. Nf6+ Kd6 30. Re8 Rxe8 31. Nxe8+ Kd5 32. Kf1
c4 33. Ke2 b5 34. Nc7+ Kc5 35. Nxb5 Kxb5 36. f4 Kc5 37. Ke3 a5 38. f5 Kd6 39.
Kd4 Ke7 40. Kxc4 Kf6 41. g4 Kg5 42. b4 axb4 43. Kxb4 Kxg4 44. f6 Kxh5 45. f7
Kg4 46. f8=Q h5 47. Qf1 h4 48. Kc4 h3 49. Kd4 Kg3 50. Ke3 h2 51. Qh1 h5 52. a4
h4 53. a5 Kg4 54. Qxh2 h3 55. Qxh3+ Kxh3 56. a6 Kg4 57. a7 Kf5 58. a8=Q Ke5 59.
Qd8 Ke6 60. Ke4 Kf7 61. Kf5 Kg7 62. Qe7+ Kh8 63. Kg6 Kg8 64. Qe8# {BriguetRemi
est échec et mat} 1-0

[Event "Champ FRA - Under 12"]
[Site "Europe Echecs"]
[Date "2020.07.08"]
[Round "1"]
[White "PoyetClemence"]
[Black "ArousstamianAl"]
[Result "0-1"]
[WhiteElo "1160"]
[BlackElo "1510"]
[PlyCount "102"]
[EventDate "2020.??.??"]

1. e4 e5 2. Nf3 Nc6 3. Nc3 Nf6 4. Bb5 Nd4 5. Nxd4 exd4 6. Ne2 Nxe4 7. d3 Nd6 8.
Ba4 c5 9. O-O Be7 10. Bf4 O-O 11. Bb3 Ne8 12. c3 dxc3 13. bxc3 d5 14. c4 d4 15.
Qd2 Nf6 16. Be5 b6 17. Bxf6 Bxf6 18. Nf4 Bg5 19. Rae1 Qd6 20. g3 Bb7 21. Re2
Bf3 22. Ree1 Qh6 23. Bd1 Bc6 24. Re5 Bxf4 25. gxf4 Qf6 26. Rh5 h6 27. f3 Qg6+
28. Rg5 hxg5 29. fxg5 f6 30. f4 fxg5 31. fxg5 Rxf1+ 32. Kxf1 Rf8+ 33. Ke1 Qe6+
34. Be2 Bf3 35. h4 Bxe2 36. Qxe2 Qxe2+ 37. Kxe2 Rf4 38. h5 Rf5 39. h6 gxh6 40.
gxh6 Kh7 41. a4 Kxh6 42. Kd2 Rf2+ 43. Kc1 Kg5 44. Kb1 Kf4 45. Kc1 Ke3 46. Kd1
Kxd3 47. Ke1 Ra2 48. Kf1 Ke3 49. Kg1 Kf3 50. Kh1 Kg3 51. a5 Ra1# {
PoyetClemence est échec et mat} 0-1

[Event "Champ FRA - Under 12"]
[Site "Europe Echecs"]
[Date "2020.07.08"]
[Round "1"]
[White "DetrazSamuel"]
[Black "GuillouPaul"]
[Result "1-0"]
[WhiteElo "1509"]
[BlackElo "1157"]
[PlyCount "99"]
[EventDate "2020.??.??"]

1. d4 d5 2. c4 e6 3. Nc3 Nf6 4. cxd5 Nxd5 5. e4 Nf6 6. Nf3 Bb4 7. e5 Nd5 8. Bd2
Bxc3 9. bxc3 O-O 10. c4 Nb6 11. Bc3 Bd7 12. Bd3 Ba4 13. Qb1 g6 14. O-O Nc6 15.
c5 Nd5 16. Bd2 Qd7 17. Bh6 Rfe8 18. Qc1 a6 19. Bc4 b5 20. Bxd5 Qxd5 21. Qf4 Qd8
22. Bg5 Ne7 23. Bf6 Nd5 24. Qh6 Nxf6 25. exf6 Qxf6 26. Ng5 Qg7 27. Qh3 Red8 28.
Nf3 f5 29. Qg3 Qf7 30. Rfe1 Re8 31. Ne5 Qg7 32. a3 Rad8 33. Qe3 Qf6 34. f4 Rd5
35. Ra2 h6 36. Rd2 g5 37. Rf1 g4 38. h3 gxh3 39. Qxh3 Kh7 40. Kf2 Rg8 41. Rh1
a5 42. Ke3 Qg7 43. g4 Ra8 44. g5 Kg8 45. gxh6 Qh7 46. Qg3+ Kf8 47. Qg5 Ke8 48.
Qg7 Qxg7 49. hxg7 Ke7 50. Rh8 {GuillouPaul a abandonné} 1-0

[Event "Champ FRA - Under 12"]
[Site "Europe Echecs"]
[Date "2020.07.08"]
[Round "1"]
[White "SaelenTitouan"]
[Black "EugeneNathael"]
[Result "0-1"]
[WhiteElo "1152"]
[BlackElo "1508"]
[PlyCount "48"]
[EventDate "2020.??.??"]

1. c4 Nf6 2. Nc3 g6 3. e3 Bg7 4. g3 O-O 5. Bg2 d6 6. Nge2 e5 7. O-O Na6 8. b3
Nc5 9. d4 Ncd7 10. Ba3 Nh5 11. Qc2 f5 12. Rfd1 Nhf6 13. Nd5 c6 14. Nxf6+ Rxf6
15. dxe5 Nxe5 16. Bb2 Re6 17. Nf4 Re8 18. Ba3 Nf7 19. Bb2 Be6 20. Bxg7 Kxg7 21.
Nxe6+ Rxe6 22. Qc3+ Qf6 23. Qb2 Qxb2 24. Rab1 Qxa2 {SaelenTitouan a abandonné}
0-1